LEADER 01587nam 2200433 450 001 9910568269303321 005 20221129043420.0 010 $a9783658374501$b(electronic bk.) 010 $z9783658374495 035 $a(MiAaPQ)EBC6976048 035 $a(Au-PeEL)EBL6976048 035 $a(CKB)21957545800041 035 $a(EXLCZ)9921957545800041 100 $a20221129d2022 uy 0 101 0 $aeng 135 $aurcnu|||||||| 181 $ctxt$2rdacontent 182 $cc$2rdamedia 183 $acr$2rdacarrier 200 10$aExcess volatility in the term structure of interest rates, in share prices and in Eurozone derivatives /$fAmia Santini 210 1$aWiesbaden, Germany :$cSpringer Fachmedien Wiesbaden GmbH,$d[2022] 210 4$d©2022 215 $a1 online resource (82 pages) 225 1 $aBestMasters 311 08$aPrint version: Santini, Amia Excess Volatility in the Term Structure of Interest Rates, in Share Prices and in Eurozone Derivatives Wiesbaden : Springer Fachmedien Wiesbaden GmbH,c2022 9783658374495 320 $aIncludes bibliographical references. 410 0$aBestMasters. 606 $aDerivative securities$xPrices 606 $aFinance, Public 615 0$aDerivative securities$xPrices. 615 0$aFinance, Public. 676 $a332.645 700 $aSantini$b Amia$01229234 801 0$bMiAaPQ 801 1$bMiAaPQ 801 2$bMiAaPQ 912 $a9910568269303321 996 $aExcess Volatility in the Term Structure of Interest Rates, in Share Prices and in Eurozone Derivatives$92853339 997 $aUNINA LEADER 01107nam0 22002771i 450 001 UON00416077 005 20231205104801.199 100 $a20130111d1967 |0itac50 ba 101 $aeng 102 $aCA 105 $a|||| 1|||| 200 1 $aPoetria Nova$fof Geoffrey of Vinsauf$gtranslated by Margaret F. Nims 210 $aToronto$cPontifical Institute of Medieval Studies$d1967 215 $a110 p.$d22 cm. 606 $aPOESIA$xStoria e critica$3UONC045287$2FI 620 $aCA$dToronto$3UONL000778 676 $a821.04209$cPoesia inglese. Sonetti. Studi critici.$v21 700 1$aVINSAUF$bGeoffrey : of$3UONV212539$0709737 702 1$aNIMS$bMargaret F.$3UONV212540 712 $aPontifical Institute of Medieval Studies$3UONV279878$4650 801 $aIT$bSOL$c20240220$gRICA 899 $aSIBA - SISTEMA BIBLIOTECARIO DI ATENEO$2UONSI 912 $aUON00416077 950 $aSIBA - SISTEMA BIBLIOTECARIO DI ATENEO$dSI Fil.R BB 032 $eSI LO 48602 7 032 $sBuono 996 $aPoetria Nova$91338580 997 $aUNIOR LEADER 05853nam 22008175 450 001 996500670903316 005 20240610215841.0 010 $a3-11-073337-4 024 7 $a10.1515/9783110733372 035 $a(CKB)5580000000489459 035 $a(DE-B1597)575104 035 $a(DE-B1597)9783110733372 035 $a(MiAaPQ)EBC7147783 035 $a(Au-PeEL)EBL7147783 035 $a(OCoLC)1354207824 035 $a(OCoLC)1353269722 035 $a(MiAaPQ)EBC30509383 035 $a(Au-PeEL)EBL30509383 035 $a(EXLCZ)995580000000489459 100 $a20221205h20222023 fg 101 0 $ager 135 $aur||#|||||||| 181 $ctxt$2rdacontent 182 $cc$2rdamedia 183 $acr$2rdacarrier 200 00$aBildwelten des Wissens $eKunsthistorisches Jahrbuch für Bildkritik$hBand 18$iMUSEALE RESTE /$fhrsg. von Nina Samuel, Felix Sattler 205 $a1st ed. 210 1$aBerlin ;$aBoston :$cDe Gruyter,$d[2022] 210 4$d©2023 215 $a1 online resource (118 p.) 225 0 $aBildwelten des Wissens ;$vBand 18 311 $a3-11-073824-4 327 $tFrontmatter --$tPictures --$tInhalt --$tEditorial --$tSighting the Dust: Attending to the Museum through its Residues --$tRemain Human: Zum Umgang mit menschlichen Überresten im Lautarchiv --$tFringe Objects: Cultivating Residues at the Museum --$tWiedergelesen --$tMary Douglas: Purity and Danger. An Analysis of the Concepts of Pollution and Taboo --$tSpencer?s Ghost: The Decolonial Afterlife of a Postcolonial Museum Prop --$tProjektvorstellung --$tRuin in Reverse. A Design Inquiry Guided by the Materiality of the Rubble --$tProjektvorstellung --$tToxische Überreste des Sammelns --$tResteverwertung: zeitgenössische Kunst und das, was übrig bleibt --$tBilder als Typen. Digitalfotografie der Fliege Marleyimyia xylocopae (2014) --$tResidues of Cultural Significance: The Bakor Monoliths --$tRezension --$tFernando Domínguez Rubio: Still Life. Ecologies of the Modern Imagination at the Art Museum, Chicago/London 2020 --$tProjektvorstellung --$tReflexion über das Randständige --$tBildnachweis --$tAutorinnen und Autoren 330 $aRemnants are a challenge for the museum as an institution. They are ambiguous figures, and their attributions open up and thus contribute to transcending the taxonomic, disciplinary, architectural, and institutional boundaries of museums. They can be found everywhere?in exhibition spaces as well as storage depots, and in laboratories just as in the administration. In each of these contexts, there are respectively different forms of professional self-conception, knowledge, and practical handling that determine the status of remnants. The volume contributes to specifying terms such as remnant, trash, traces, and boundaries more precisely within the context of the museum and to reassessing them for debates in conservation, curating, art history, and museum anthropology. 330 $aReste fordern die Institution des Museums heraus. Es sind Kippfiguren, die Zuschreibungen öffnen und damit an Überschreitungen der taxonomischen, disziplinären, architektonischen und institutionellen Grenzen des Museums mitarbeiten. Sie sind überall anzutreffen ? im Ausstellungsraum genauso wie im Depot, im Labor genauso wie in der Verwaltung. In jedem dieser Kontexte stehen jeweils andere Formen des professionellen Selbstverständnisses, des Wissens und des praktischen Umgangs zur Verfügung, die den Status von Resten determinieren. Der Band trägt dazu bei, Begriffe wie Rest, Abfall, Spuren, Ränder im Kontext des Museums zu präzisieren und für Debatten in Konservierung, Kuration, Kunstgeschichte und Museumsanthropologie neu zu bewerten. 606 $aART / Conservation & Preservation$2bisacsh 610 $aRemnant. 610 $aconservation. 610 $acuration. 610 $aimage studies. 610 $amatter. 610 $amuseum. 610 $aobjects. 615 7$aART / Conservation & Preservation. 676 $a069/.5 702 $aCaviezel$b Flavia$4ctb$4https://id.loc.gov/vocabulary/relators/ctb 702 $aChristopher$b Li$4ctb$4https://id.loc.gov/vocabulary/relators/ctb 702 $aDeSilvey$b Caitlin$4ctb$4https://id.loc.gov/vocabulary/relators/ctb 702 $aEgger$b Marie$4ctb$4https://id.loc.gov/vocabulary/relators/ctb 702 $aGineprini$b Lorenzo$4ctb$4https://id.loc.gov/vocabulary/relators/ctb 702 $aGräfe$b Sophia$4ctb$4https://id.loc.gov/vocabulary/relators/ctb 702 $aGrünfeld$b Martin$4ctb$4https://id.loc.gov/vocabulary/relators/ctb 702 $aHoffmann$b Raphael$4ctb$4https://id.loc.gov/vocabulary/relators/ctb 702 $aKowal$b Emma$4ctb$4https://id.loc.gov/vocabulary/relators/ctb 702 $aLowe$b Adam$4ctb$4https://id.loc.gov/vocabulary/relators/ctb 702 $aMacdonald$b Sharon$4ctb$4https://id.loc.gov/vocabulary/relators/ctb 702 $aMalanski$b Andrea$4ctb$4https://id.loc.gov/vocabulary/relators/ctb 702 $aMatyssek$b Angela$4ctb$4https://id.loc.gov/vocabulary/relators/ctb 702 $aMilitz$b Marlene$4ctb$4https://id.loc.gov/vocabulary/relators/ctb 702 $aNasyrova$b Ana$4ctb$4https://id.loc.gov/vocabulary/relators/ctb 702 $aSamuel$b Nina$4edt$4http://id.loc.gov/vocabulary/relators/edt 702 $aSattler$b Felix$4edt$4http://id.loc.gov/vocabulary/relators/edt 702 $aSaumarez Smith$b Ferdinand$4ctb$4https://id.loc.gov/vocabulary/relators/ctb 702 $aWiedemeyer$b Nina$4ctb$4https://id.loc.gov/vocabulary/relators/ctb 712 02$aMatters of Activity. Image Space Material$4fnd$4http://id.loc.gov/vocabulary/relators/fnd 801 0$bDE-B1597 801 1$bDE-B1597 906 $aBOOK 912 $a996500670903316 996 $aBildwelten des Wissens$92068380 997 $aUNISA